Healthy places, healthy people : (Record no. 10393)
[ view plain ]
| 000 -LEADER | |
|---|---|
| fixed length control field | 00525cam a22001574a 4500 |
| 020 ## - INTERNATIONAL STANDARD BOOK NUMBER | |
| International Standard Book Number | 9781935476627 (alk. paper) |
| 050 00 - LIBRARY OF CONGRESS CALL NUMBER | |
| Classification number | RT98 |
| Item number | .D74 2011 |
| 100 1# - MAIN ENTRY--PERSONAL NAME | |
| Personal name | Dreher, Melanie Creagan. |
| 245 10 - TITLE STATEMENT | |
| Title | Healthy places, healthy people : |
| Remainder of title | a handbook for culturally informed community nursing practice / |
| Statement of responsibility, etc. | Melanie Dreher and Lisa Skemp. |
| 250 ## - EDITION STATEMENT | |
| Edition statement | 2nd ed. |
| 260 ## - PUBLICATION, DISTRIBUTION, ETC. (IMPRINT) | |
| Place of publication, distribution, etc. | Indianapolis, IN : |
| Name of publisher, distributor, etc. | Sigma Theta Tau International, |
| Date of publication, distribution, etc. | c2011. |
| 300 ## - PHYSICAL DESCRIPTION | |
| Extent | xix, 259 p. ; |
| 650 22 - SUBJECT ADDED ENTRY--TOPICAL TERM | |
| General subdivision | methods. |
| 700 1# - ADDED ENTRY--PERSONAL NAME | |
| Personal name | Skemp, Lisa, |
| 942 ## - ADDED ENTRY ELEMENTS (KOHA) | |
| Source of classification or shelving scheme | Library of Congress Classification |
| Koha item type | General circulation |
| Withdrawn status | Lost status | Source of classification or shelving scheme | Damaged status | Not for loan | Home library | Current library | Shelving location | Date acquired | Source of acquisition | Total Checkouts | Full call number | Barcode | Date last seen | Price effective from | Koha item type |
|---|---|---|---|---|---|---|---|---|---|---|---|---|---|---|---|
| Library of Congress Classification | Kitui Town Campus Library | Kitui Town Campus Library | General Stacks | 04/02/2016 | Donation | RT 98 .D74 2011 | 2016/013213 | 04/02/2016 | 04/02/2016 | General circulation |